000 00747nam a22002297a 4500
005 20251108164403.0
008 250721s1979 xx 000 0 ara d
082 1 4 _a516.3/توم
100 1 _aتوماس، ج .ب
245 1 0 _aحساب التفاضل و التكامل و الهندسة التحليلية /
250 _aط2.
264 1 _aطرابلس ( ليبيا ) :
_bجامعة الفاتح،
_c1979.
300 _a
650 1 7 _aالحساب
650 1 7 _aالتفاضل و التكامل
650 1 7 _aالهندسة التحليلية
700 1 _aدعبول، موفق
_eترجمة
700 1 _aبالاشهر، علي
_eترجمة
700 1 _aسويسي، جمعه
_eترجمة
942 _2ddc
_cBK
999 _c10920
_d10920